Регионална библиотека "Любен Каравелов" - Русе

Кратка история на селищното развитие по българските земи (Запис номер 56631)

MARC детайли
000 -Лидер
Контролно поле с фиксирана дължина 01417nam a2200361 c 4500
003 - Код на организацията, давaща контролен номер
Контролно поле BLK
005 - Дата и час на последна редакция
Контролно поле 20221202093510.0
008 - Елементи от данни с фиксирана дължина
fixed length control field 180408b bul|||||r ||||||| ||bul||
010 ## - Наследен системен номер
LC control number KNG00060613000
040 ## - Източник на каталожния запис
Идентификатор на билиотеката - собственик на записа BLK
041 ## - Код за език
Код за езика на текст/звукозапис или на отделно заглавие Български
Код за езика КДБФ Български
072 #7 - Код за тематичната категория
Код организация bullib
Код за тематична категория К
Текст Краезнание
080 ## - УДК
Текстов определител УДК История на България
УДК код - определител по УДК 94(497.2)
УДК - код + определител 94(497.2)
080 ## - УДК
Текстов определител УДК Планиране на населени места
УДК код - определител по УДК 711.4
УДК определител (497.2)
УДК - код + определител 711.4(497.2)
100 1# - Редна дума - Автор
Автор Деведжиев, Марин Станчев
Авторска отговорност първи автор
R(LIN) 366415
139 ## - Редно поле
Редна дума Деведжиев, Марин Станчев
Авторски знак Дев - Д 32
245 10 - Сведения за заглавието
Заглавие Кратка история на селищното развитие по българските земи
Редно поле (дума) Марин Станчев Деведжиев.
257 ## - Страна на издаване
Страна на създаване/издаване България
260 ## - Област на издателските данни
Име на издателя, разпространителя и проч. ОФ
Година на издаване 1979
Място на издаване, разпространение и проч. София
300 ## - Физическа характеристика
Страници 352 с.
Илюстрации и др. с к., табл.
Размери/Мащаб 22 см
380 ## - Жанр
Жанр История
500 ## - Общи забележки
Забележка Рез. на рус. и фр. ез. - Библиогр. след разделите. - Геогр. и именен показалци.
650 #4 - Допълнително описание по предмет – тема
Основно описание – тема или топоним Селища - България - история
9 (RLIN) 258443
651 #4 - Допълнително описание по предмет - топоним
Географско понятие България
9 (RLIN) 241624
653 ## - Ключова дума – ненормативна
Ключова дума българска история
653 ## - Ключова дума – ненормативна
Ключова дума селища
659 ## - Тематичен бюлетин
Тематичен бюлетин К
852 ## - Местоположение
Форматна сигнатура Цб 101974
852 ## - Местоположение
Форматна сигнатура К 94(497.2)/Д 32 М
856 4# - Електронен адрес и достъп
Електронен формат pdf - файл
Инструкция (цена за достъп) 0.00
Права за достъп disable
856 4# - Електронен адрес и достъп
Електронен формат pdf - файл
Инструкция (цена за достъп) 0.00
Права за достъп disable
999 ## - СИСТЕМНИ КОНТРОЛНИ НОМЕРА
Koha biblionumber 56631
Koha biblioitemnumber 56631
942 ## - АРТИКУЛИ
Вид на библиотечния материал Книги
Скрит в OPAC Не
Периодичен библиозапис Да
944 ## - СЪЗДАВАНЕ И РЕДАКЦИЯ на ЗАПИСА
Създаване/Редакция Създаване
Дата на регистрацията/редакция 13.06.2004
Служител, извършил регистрацията/редакцията Валя_Йорданова
944 ## - СЪЗДАВАНЕ И РЕДАКЦИЯ на ЗАПИСА
Създаване/Редакция Редакция
Дата на регистрацията/редакция 17.12.2012
999 ## - СИСТЕМНИ КОНТРОЛНИ НОМЕРА
Koha biblioitemnumber 56631
999 ## - СИСТЕМНИ КОНТРОЛНИ НОМЕРА
Koha biblioitemnumber 56631
Наличности
Код за отписване Код за изгубен артикул Код за повреда Коз за рестрикции Код за отдаване Артикулен № Име на библиотеката - собственик Име на библиотеката, в която се намира в момента Статус (Текущо местоположение) Дата на вписване в системата Местоположение - отдел Цена в лева Инвентарен номер Систематично азбучна сигнатура Баркод Номер на екземпляра Цена в евро Служебна бележка Служебен тип на артикула Бележка за публиката Източник на класификационната схема
Изтеглен Не е изгубен Не е повреден без рестрикции ползва се в читалня 90255 Регионална библиотека "Любен Каравелов" Русе Регионална библиотека "Любен Каравелов" Русе   1979-01-01 Читалня 1.71 299178 Ч 949.72/Д32М 299178 1 0.87 Дата: 01.01.1979 Дата инв: 20.11.2015 Бележки инв: Ч2015 Книги Отч.N: 52/17 , Дата: 12.10.2017  
  Не е изгубен Не е повреден без рестрикции ползва се в читалня 90256 Регионална библиотека "Любен Каравелов" Русе Регионална библиотека "Любен Каравелов" Русе Хранилище 1979-01-01 Хранилище 3.17 297649 Цб 101974 120000297649 2 1.62 Дост: Dp Вид: Сф Дата: 01.01.1979 Книги   Universal Decimal Classification
  Не е изгубен Не е повреден без рестрикции ползва се в читалня 90257 Регионална библиотека "Любен Каравелов" Русе Регионална библиотека "Любен Каравелов" Русе Краезнание 1979-01-01 Краезнание 1.71 299179 К 94(497.2)/Д 32 М 120000299179 3 0.87 Вид: Сф Дата: 01.01.1979 Дата инв: 06.11.2017 Бележки инв: К2017 Книги   Universal Decimal Classification
Vip Innovations Ltd, Rousse, Bulgaria 2025